Responses for Show #1314 - Thursday, April 26, 1990

Missing introductions.

Contestants

Matt Schneider, a graduate student originally from Lafayette, California

Carolyn Simmons, originally from Madison, Wisconsin

Bruce Harris, from San Rafael, California (whose 1-day cash winnings total $6,001)

[next game >>]

Jeopardy! Round responses

"M" & "M"s
BIOLOGY
WEIGHTS & MEASURES
LANGUAGES
HATS
THE TONY AWARDS
    $100 7
Maid Marian

Matt
    $100 18
a peptide

Matt
    $100 16
1

Bruce
    $100 1
Chinese

Carolyn
    $100 2
a beaver hat

Bruce
    $100 23
Children of a Lesser God

Matt
    $200 9
the Manassa Mauler

Matt
    $200 19
an egg cell

Matt
    $200 17
an acre

Matt
    $200 3
France

Bruce
    $200 8
a sailor hat

Bruce
    $200 24
Captain Hook

Carolyn
    $300 10
Mrs. Miniver

Carolyn
    $300 20
(Bruce: What is an oak tree?)

palm trees

Bruce
Triple Stumper
    $300 26
a bale

Bruce
    $300 4
Asia

Bruce
    $800 13
a jester

Bruce
    $300 25
(Bruce: [*].)
[Proper phrasing was not heard.]

Bob Fosse

Bruce
    $400 11
Melina Mercouri

Bruce
    $400 21
walk on land

Carolyn
    $400 27
a quart

Carolyn
    $400 5
(Carolyn: What is Chinese?)

Japanese

BruceCarolyn
    $400 14
his bonnet

Carolyn
    $400 29
Plaza Suite

Bruce
    $500 12
the Molly Maguires

Bruce
    $500 22
saliva

Matt
    $500 28
a gill

Bruce
    $500 6
pidgin

Bruce
    $500 15
a tricorn

Bruce
    $500 30
A Chorus Line

Triple Stumper

Scores at the first commercial break (after clue 12):

Bruce Carolyn Matt
$2,600 $0 $300

Scores at the end of the Jeopardy! Round:

Bruce Carolyn Matt
$5,200 $1,400 $1,400

Double Jeopardy! Round responses

ANCIENT ROME
AMERICAN LITERATURE
OPERA
STATE NICKNAMES
(Alex: These are not necessarily the official nicknames of the states.)
THE ELEMENTS
KINGS NAMED GEORGE
    $200 7
Julius Caesar

Bruce
    $200 2
Jack London

Carolyn
    $200 18
Porgy and Bess

Matt
    $200 1
[Carolyn selected the first clue.]

Florida

Matt
    $200 12
potassium

Bruce
    $200 13
the coronation

Bruce
    $400 8
Caesar Augustus

Bruce
    $400 3
Thomas Wolfe

Matt
    $400 27
knight

Matt
    $400 20
Louisiana

Matt
    $400 19
(Matt: What is uranium?)

plutonium

BruceMatt
    $400 14
(Matt: Who is King George V?)

George III

CarolynMatt
    $1,800 9
(Bruce: What is the Capitoline?)

the Pantheon

Bruce
    $1,000 4
(Alex: Matt?)
(Matt: [No response])

Sleepy Hollow

Matt
    $600 28
(Bruce: What is "The Barber Of Seville"?)
...
(Alex: Bullfighting.)
[The end-of-round signal sounds.]

"The Toreador Song"

Bruce
Triple Stumper
    $600 22
Oklahoma

Triple Stumper
    $600 21
palladium

Carolyn
    $600 15
(Bruce: Who is George V?)

George VI

BruceCarolyn
    $800 10
the Phoenicians

Bruce
    $800 5
Edna Ferber

Carolyn
    $800 23
Georgia

Matt
    $800 24
(Alex: We have less than a minute to go.)

phosphorus

Triple Stumper
    $800 16
George V

Bruce
    $1000 11
history

Matt
    $1000 6
the Northwest Passage

Matt
    $1000 26
Colorado

Carolyn
    $1000 25
(Matt: What is promethian?)

promethium

Matt
Triple Stumper
    $1000 17
(Carolyn: Uh... oh, who are the...)
(Matt: Who are the Windsors?)

Hanover

BruceCarolynMatt

Scores at the end of the Double Jeopardy! Round:

Bruce Carolyn Matt
$6,200 $4,000 $2,000

[wagering suggestions for these scores]

Final Jeopardy! Round responses

U.S. HISTORY
(Alex: Who was Buffalo Bill, I assume, right?)
[Matt nods.]
(Alex: I don't think you meant Buffalo Bob?)
(Matt: No.)
[Laughter]
...
(Alex: Some people believe he escaped as a matter of fact, the correct response is, "Who is [*]"?)
MattWho was Buffalo Bill
$1,999
CarolynWho is Al Capone
$3,999
BruceWho was Crispus Attucks
$1,801
John Wilkes Booth

Final scores:

Bruce Carolyn Matt
$4,399 $1 $1
2-day champion: $10,400 2nd place: Keller dining furniture & Kosta Boda crystal stemware + Jeopardy! box game or computerized version 3rd place: Royal Swiss garden furniture + Jeopardy! box game or computerized version

Game dynamics:

Coryat scores:

Bruce Carolyn Matt
$7,500 $4,000 $3,000
23 R
(including 1 DD),
4 W
(including 1 DD)
12 R,
2 W
15 R,
5 W
(including 1 DD)

Combined Coryat: $14,500

[game clues] [game scores] [suggest correction]

Game tape date: 1989-12-04
The J! Archive is created by fans, for fans. Scraping, republication, monetization, and malicious use prohibited; this site may use cookies and collect identifying information. See terms. The Jeopardy! game show and all elements thereof, including but not limited to copyright and trademark thereto, are the property of Jeopardy Productions, Inc. and are protected under law. This website is not affiliated with, sponsored by, or operated by Jeopardy Productions, Inc. Join the discussion at JBoard.tv.